000 00459nam a22001577a 4500
005 20251112095002.0
008 251112b |||||||| |||| 00| 0 eng d
020 _a979-8-88715-048-2
100 _aLACHEY, CHARLES
245 _aENCYCLOPEDIA OF TEACHING AND LEARNING
260 _aDUBLIN
_bORYSON PRESS
_c2023
300 _aXI, 320P.
500 _aINCLUDES INDEX
650 _a1. TEACHINF -METHODOLGY 2. LEARNING - PSYCHOLOGICAL ASPECTS
942 _2lcc
_cBK
999 _c216163
_d216163